Tax Entity and Tax Planning Divice (Record no. 1174439)

MARC details
000 -LEADER
fixed length control field 00678nam a2200253Ia 4500
003 - CONTROL NUMBER IDENTIFIER
control field OSt
005 - DATE AND TIME OF LATEST TRANSACTION
control field 20221007100655.0
008 - FIXED-LENGTH DATA ELEMENTS--GENERAL INFORMATION
fixed length control field 221006b |||||||| |||| 00| 0 eng d
037 ## - SOURCE OF ACQUISITION
Terms of availability Textual
040 ## - CATALOGING SOURCE
Original cataloging agency LCO
Transcribing agency LCO
Language of cataloging eng
041 ## - LANGUAGE CODE
Source of code eng
Language code of text/sound track or separate title eng
100 ## - MAIN ENTRY--PERSONAL NAME
Personal name Diwan Paras
245 #0 - TITLE STATEMENT
Title Tax Entity and Tax Planning Divice
260 ## - PUBLICATION, DISTRIBUTION, ETC.
Place of publication, distribution, etc. Delhi
Name of publisher, distributor, etc. Taxmann India
Date of publication, distribution, etc. 1983
300 ## - PHYSICAL DESCRIPTION
Extent 389
650 ## - SUBJECT ADDED ENTRY--TOPICAL TERM
Topical term or geographic name entry element Hindu Law and Tax Law
9 (RLIN) 701956
700 ## - ADDED ENTRY--PERSONAL NAME
Personal name Diwan B.K.
9 (RLIN) 701957
942 ## - ADDED ENTRY ELEMENTS (KOHA)
Classification part Z(Q2)OaX72, M3
Koha item type Textual
Holdings
Withdrawn status Lost status Damaged status Not for loan Home library Current library Date acquired Total Checkouts Full call number Barcode Date last seen Price effective from Koha item type
        Law Centre-I Library Law Centre-I Library 2022-10-07   Z(Q2)OaX72 M3 LO0632833 2022-10-07 2022-10-07 Textual
Copyright @ Delhi University Library System